| 000 | 00998nam0a22002771 4500 | ||
|---|---|---|---|
| 001 | rc\2217621 | ||
| 005 | 20250623064432.0 | ||
| 035 | _a(NLR Aleph) 006641938 | ||
| 090 |
_a4703217 _c4703217 |
||
| 100 | _a20110829d1978 |||y0rusy50 ca | ||
| 101 | 0 | _arus | |
| 102 | _aRU | ||
| 105 | _aa z ||||| | ||
| 200 | 1 |
_aПовышение эффективности и интенсификации сахарного производства _e[Сб. статей] |
|
| 210 |
_aМосква _cПищ. пром-сть _d1978 |
||
| 215 |
_a134 с. _cил. _d21 |
||
| 225 | 1 |
_aТруды _fВНИИ сахар. пром-сти _vВып. 25 |
|
| 300 | _aВ надзаг. также: М-во пром. СССР. Науч.-произв. об-ние "Сахар" | ||
| 320 | _aБиблиогр. в конце статей | ||
| 801 | 0 |
_aRU _bNLR _gpsbo |
|
| 801 | 1 |
_aRU _bELAR _2rusmarc |
|
| 852 |
_aNLR _jП10/1169 |
||
| 899 |
_aRuMoRGB _jXXIV 154/14 |
||
| 899 |
_aRuMoRGB _jXXIV 154/15 |
||
| 942 | _cBOOK | ||
| 980 | _aNB | ||